[Event "FIDE GP Paris"]
[Site "Elancourt FRA"]
[Date "2013.09.22"]
[Round "1.1"]
[White "Fressinet,L"]
[Black "Ponomariov,R"]
[Result "1/2-1/2"]
[WhiteElo "2708"]
[BlackElo "2756"]

1.e4 c5 2.Nf3 d6 3.Bb5+ Nd7 4.d4 cxd4 5.Qxd4 a6 6.Bxd7+ Bxd7 7.c4 Nf6 8.Bg5 e6
9.Nc3 Be7 10.Rd1 Bc6 11.O-O O-O 12.Qd3 Qc7 13.a4 Rfd8 14.Rfe1 Rac8 15.Nd4 Be8
16.b3 Qc5 17.Be3 Qa5 18.Bd2 Qc5 19.h3 Nd7 20.Be3 Qa5 21.Qd2 Kh8 22.Nc2 Ne5
23.Rc1 Nc6 24.Red1 Bf6 25.Nd4 Qb4 26.Rb1 Nxd4 27.Bxd4 Bxd4 28.Qxd4 b5 29.axb5 axb5
30.Nxb5 Bxb5 31.cxb5 Qxb5 32.Rbc1 Qxb3 33.Rxc8 Rxc8 34.Qxd6 h6 35.Qd3 Qxd3
36.Rxd3 g5 37.h4 Kg7 38.hxg5 hxg5 39.f3 Rc4 40.Kf2 g4 41.Kg3 gxf3 42.gxf3 Kf6
43.Rd7 Ra4 44.Rb7 Rc4 45.Rd7 Ra4 46.Rb7 Rc4  1/2-1/2

[Event "63rd TCh-BUL GpA 2013"]
[Site "Sunny Beach BUL"]
[Date "2013.09.22"]
[Round "4.1"]
[White "Spasov,V"]
[Black "Ninov,N"]
[Result "1/2-1/2"]
[WhiteElo "2573"]
[BlackElo "2463"]

1.e4 c5 2.Nf3 d6 3.Bb5+ Bd7 4.Bxd7+ Qxd7 5.c4 Nf6 6.Nc3 g6 7.d4 cxd4 8.Nxd4 Bg7
9.h3 Qc7 10.b3 Qa5 11.Bd2 Nxe4 12.Nxe4 Qe5 13.Qb1 f5 14.Bc3 Qxe4+ 15.Qxe4 fxe4
16.Nb5 Bxc3+ 17.Nxc3 Nd7 18.Nxe4 Rc8 19.Kd2 Nc5 20.Rhe1 Nxe4+ 21.Rxe4 Rf8
22.f3 Kd7 23.Rae1 Rf7 24.R1e2 a5 25.a4 Rc5 26.Ke3 Rcf5 27.Kd4 Rc5 28.Kc3 Rcf5
29.Rd2 R7f6 30.Rde2 Rf7 31.Rd4 R7f6  1/2-1/2

[Event "XXI Vallfogona Rapid Open"]
[Site "Vallfogona de Balaguer ESP"]
[Date "2013.09.22"]
[Round "8.5"]
[White "Gonzalez Perez,A"]
[Black "Barbero Senidic,A"]
[Result "1-0"]
[WhiteElo "2466"]
[BlackElo "2340"]

1.e4 c5 2.Nf3 d6 3.Bb5+ Bd7 4.Bxd7+ Qxd7 5.O-O Nc6 6.d4 g6 7.c3 Bg7 8.h3 Nf6
9.d5 Ne5 10.c4 O-O 11.Nc3 b6 12.a3 Rac8 13.Qa4 Qb7 14.Nxe5 dxe5 15.f3 Nh5
16.Be3 Kh8 17.Rfd1 f5 18.d6 exd6 19.Rxd6 Ng3 20.Bf2 Nh5 21.Rad1 Rc7 22.Bh4 Bf6
23.Bxf6+ Nxf6 24.Rxf6 Rxf6 25.Qe8+ Kg7 26.Nd5 Rd7 27.Qxe5 Qc6 28.Re1 Kf7
29.exf5 Rxf5 30.Qe8+ Kg7 31.Re7+  1-0

[Event "XXI Vallfogona Rapid Open"]
[Site "Vallfogona de Balaguer ESP"]
[Date "2013.09.22"]
[Round "9.3"]
[White "Trepat Herranz,J"]
[Black "Guerra Mendez,J"]
[Result "1/2-1/2"]
[WhiteElo "2336"]
[BlackElo "2519"]

1.e4 c5 2.Nf3 d6 3.Bb5+ Nc6 4.O-O Bd7 5.Re1 Nf6 6.c3 a6 7.Bf1 Bg4 8.h3 Bxf3
9.Qxf3 g6 10.d3 Bg7 11.Be3 Nd7 12.Qd1 Qb6 13.Qc2 O-O 14.Nd2 Rfc8 15.Rab1 Qd8
16.g3 b5 17.Bg2 Rab8 18.f4 b4 19.Nc4 Nb6 20.Nxb6 Qxb6 21.Kh2 Qa5 22.Bd2 Rb6
23.e5 dxe5 24.fxe5 Qxa2 25.e6 bxc3 26.exf7+ Qxf7 27.bxc3 Rxb1 28.Rxb1 Ne5
29.Bf4 g5 30.Be3 g4 31.Rf1 Qe6 32.Bf4 Nf3+ 33.Bxf3 gxf3 34.Rxf3 Qd5 35.Qe2 e5
36.c4 Qd6 37.Bd2 Qc6 38.Bc3 Re8 39.Re3 Qd6 40.Kg2 Qc7 41.h4 a5 42.h5 a4 43.Re4 a3
44.Rg4 Qc6+ 45.Kh3 Qe6 46.Kg2 Qc6+ 47.Kh3 Qe6 48.Kg2 Qc6+ 49.Kh3 Qe6 50.Kg2  1/2-1/2

[Event "Baku Open 2013"]
[Site "Baku AZE"]
[Date "2013.09.23"]
[Round "5.14"]
[White "Anurag,M"]
[Black "Ghaem Maghami,E"]
[Result "1/2-1/2"]
[WhiteElo "2426"]
[BlackElo "2549"]

1.e4 c5 2.Nf3 d6 3.Bb5+ Nc6 4.O-O Bd7 5.Re1 Nf6 6.c3 a6 7.Bf1 Bg4 8.h3 Bxf3
9.Qxf3 g6 10.Na3 Bh6 11.Nc2 Qb6 12.Rb1 O-O 13.g4 Rad8 14.Qg3 d5 15.g5 Nh5
16.Qh4 Bg7 17.exd5 Rxd5 18.Ne3 Rd7 19.Be2 Ne5 20.Qe4 f5 21.Qa4 Qe6 22.d4 b5
23.dxe5 bxa4 24.Bc4 Nf4 25.Bxe6+ Nxe6 26.Nc4 Rd3 27.Kg2 f4 28.h4 h6 29.gxh6 Bxh6
30.f3 g5 31.Kf2 gxh4 32.Ke2 Rd5 33.Rg1+ Kf7 34.Bd2 Rh8 35.Rh1 Bg7 36.Be1 h3
37.Rh2 Rh5 38.Bf2 Bxe5 39.Rbh1 Ng5 40.Nb6 Rd6 41.Bxc5 Re6 42.Kd3 Bd6 43.Bd4 Reh6
44.Rf1 e5 45.Bg1 Ke6 46.c4 Kf5 47.Nd5 Nxf3 48.Ne3+ fxe3 49.Rxf3+ Ke6 50.Rxe3 Rg6
51.Bf2 Bc5 52.Rf3 Bxf2 53.Rfxf2 Rg3+ 54.Ke2 e4 55.Rf8 Rhg5 56.Rhf2 Rg2 57.Re8+ Kd6
58.Rxe4 Rxf2+ 59.Kxf2 Rg2+ 60.Ke3 Rxb2 61.Kd4 a3 62.Rh4 h2 63.Rh6+ Kc7 64.Kc3 Kd7
65.Rh7+ Ke6 66.Rh6+ Ke5 67.c5 Rxa2 68.Kb3 Rg2 69.Kxa3 Kd5 70.c6 Rc2 71.Kb3 Rxc6
72.Rxh2 Kc5 73.Rc2+ Kb5 74.Rxc6 Kxc6  1/2-1/2

[Event "XXXI Balaton Open"]
[Site "Heviz HUN"]
[Date "2013.09.23"]
[Round "1.4"]
[White "Deak,Las1"]
[Black "Takacs,B"]
[Result "0-1"]
[WhiteElo "1922"]
[BlackElo "2354"]

1.e4 c5 2.Nf3 d6 3.Bb5+ Nd7 4.O-O Nf6 5.d3 e6 6.b3 Be7 7.Bb2 O-O 8.Bxd7 Qxd7
9.Nbd2 b6 10.e5 dxe5 11.Nxe5 Qd5 12.Qf3 Qxf3 13.Ndxf3 Bb7 14.Rfe1 Nd5 15.a3 f6
16.Nc4 e5 17.Ne3 Nf4 18.Nd2 Rfd8 19.Ne4 Kf7 20.f3 Ne6 21.g3 g6 22.Rf1 Re8
23.Ng4 h5 24.Ne3 Rad8 25.Rae1 b5 26.f4 exf4 27.gxf4 f5 28.Nd2 Bh4 29.Re2 Nd4
30.Bxd4 cxd4 31.Ng2 Rxe2  0-1

[Event "52nd World Juniors 2013"]
[Site "Kocaeli TUR"]
[Date "2013.09.23"]
[Round "10.10"]
[White "Idani,P"]
[Black "Debashis,D"]
[Result "0-1"]
[WhiteElo "2480"]
[BlackElo "2489"]

1.e4 c5 2.Nf3 d6 3.Bb5+ Nc6 4.Bxc6+ bxc6 5.O-O e5 6.c3 f5 7.exf5 Be7 8.Re1 Bxf5
9.d4 cxd4 10.cxd4 e4 11.Nfd2 Nf6 12.Nc3 d5 13.f3 O-O 14.fxe4 Nxe4 15.Ndxe4 dxe4
16.Nxe4 Bh4 17.g3 Bf6 18.Nxf6+ Qxf6 19.Bf4 Be6 20.Re5 Qf7 21.b3 Rae8 22.Qe2 Bd5
23.Re1 Rxe5 24.Qxe5 Qg6 25.Qe3 h6 26.Rf1 Qc2 27.Rf2 Qb1+ 28.Rf1 Qxa2 29.Rf2 Qb1+
30.Rf1 Qc2 31.Rf2 Qf5 32.Qe1 Qd3 33.Qe3 Qd1+ 34.Rf1 Qh5 35.b4 Qf7 36.Re1 Qf5
37.Qe2 Qg6 38.Rf1 Rf7 39.b5 cxb5 40.Qe8+ Kh7 41.Qxb5 Bc6 42.Qb1 Be4 43.Qb3 Rb7
44.Qc3 Bd5 45.Rc1 Rb3 46.Qc2 Rd3 47.Qe2 Rxd4 48.Be5 Re4 49.Qb2 Qh5  0-1

[Event "63rd TCh-BUL GpA 2013"]
[Site "Sunny Beach BUL"]
[Date "2013.09.23"]
[Round "5.4"]
[White "Nikolov,Sas"]
[Black "Simeonov,S"]
[Result "0-1"]
[WhiteElo "2382"]
[BlackElo "2387"]

1.e4 c5 2.Nf3 d6 3.Bb5+ Bd7 4.Bxd7+ Qxd7 5.c4 Nf6 6.Nc3 Nc6 7.O-O g6 8.d4 cxd4
9.Nxd4 Bg7 10.Nde2 O-O 11.f3 a6 12.a4 Qc7 13.Kh1 Rfd8 14.Bg5 e6 15.Bh4 Rac8
16.b3 h6 17.Qd2 Kh7 18.Rfd1 Qb6 19.Rab1 Ne5 20.Nd4 g5 21.Bf2 Qc7 22.Rbc1 Nfd7
23.Nce2 Nc5 24.Be3 Qe7 25.Ng3 Ng6 26.Rc3 Be5 27.Qc2 Nf4 28.Nf1 Qf6 29.g3 Ng6
30.a5 Rc7 31.b4 Rdc8 32.Kg2 Nd7 33.Qe2 Rg8 34.Qd2 Nf4+ 35.Kh1 Ng6 36.Qf2 Rgc8
37.Nd2 h5 38.Rf1 Nf4 39.N2b3 Rxc4 40.Rxc4 Rxc4 41.gxf4 gxf4 42.Qe2 Rxb4 43.Bf2 Bxd4
44.Nxd4 Rxd4 45.Bxd4 Qxd4 46.Rg1 Ne5 47.Qg2 Ng6 48.Qg5 h4 49.Kg2 Qe3 50.Qh5+ Kg7
51.Rf1 Kf6 52.Rf2 Kg7 53.Rb2 Qd3 54.Rxb7 Qe2+ 55.Kg1 Qe1+ 56.Kg2 h3+  0-1

[Event "63rd TCh-BUL GpA 2013"]
[Site "Sunny Beach BUL"]
[Date "2013.09.23"]
[Round "5.1"]
[White "Delchev,A"]
[Black "Drenchev,P"]
[Result "1/2-1/2"]
[WhiteElo "2637"]
[BlackElo "2488"]

1.e4 c5 2.Nf3 d6 3.Bb5+ Bd7 4.Bxd7+ Qxd7 5.c4 Nf6 6.Nc3 Nc6 7.O-O e6 8.d4 cxd4
9.Nxd4 Be7 10.Be3 O-O 11.Qe2 Rac8 12.Rad1 Qc7 13.b3 a6 14.f4 Rfe8 15.f5 Bf8
16.fxe6 fxe6 17.Nxc6 Qxc6 18.Bd4 Be7 19.Rd3 Rf8 20.Rg3 Rf7 21.Rgf3 Rcf8 22.h3 Ne8
23.Rxf7 Rxf7 24.Rxf7 Kxf7 25.e5 dxe5 26.Qxe5 Bf6 27.Qh5+ Kg8 28.Ne2 Nd6 29.Bxf6 gxf6
30.Qg4+  1/2-1/2

[Event "Baku Open 2013"]
[Site "Baku AZE"]
[Date "2013.09.24"]
[Round "6.3"]
[White "Smirin,I"]
[Black "Smirnov,P"]
[Result "1/2-1/2"]
[WhiteElo "2663"]
[BlackElo "2627"]

1.e4 c5 2.Nf3 d6 3.Bb5+ Nd7 4.c3 a6 5.Ba4 c4 6.d4 cxd3 7.c4 Nf6 8.Nc3 g6
9.Qxd3 Bg7 10.O-O O-O 11.Qe2 Nc5 12.Bc2 Bg4 13.Rd1 Nfd7 14.h3 Bxf3 15.Qxf3 Rc8
16.Qe2 Ne6 17.Be3 Bxc3 18.bxc3 Qa5 19.Rab1 Rc7 20.Rb4 Qe5 21.Rdb1 Rfc8 22.Qd2 Rxc4
23.Rxc4 Rxc4 24.Rxb7 Qxc3 25.Bd3 Qxd2 26.Bxd2 Rd4 27.Rxd7 Kf8 28.Bh6+ Ke8
29.Ra7 Rxd3  1/2-1/2

[Event "52nd World Juniors 2013"]
[Site "Kocaeli TUR"]
[Date "2013.09.24"]
[Round "11.29"]
[White "Docena,Jerad"]
[Black "Ochsner,B"]
[Result "1-0"]
[WhiteElo "2227"]
[BlackElo "2366"]

1.e4 c5 2.Nf3 d6 3.Bb5+ Bd7 4.Bxd7+ Qxd7 5.O-O Nc6 6.c3 Nf6 7.Qe2 e6 8.d3 Be7
9.Nbd2 O-O 10.a3 a5 11.Nc4 Qc7 12.a4 d5 13.Na3 c4 14.exd5 cxd3 15.Qxd3 Rad8
16.Nb5 Qb8 17.Qc4 Nxd5 18.Re1 Bf6 19.Ng5 Ne5 20.Qe4 Ng6 21.h4 Ndf4 22.Bxf4 Qxf4
23.g3 Qb8 24.Nxh7 Kxh7 25.h5 Rd2 26.Re2 Qd8 27.hxg6+ fxg6 28.Qxe6 Rd1+ 29.Rxd1 Qxd1+
30.Kg2 Qxa4 31.Qh3+ Kg8 32.Qe6+ Kh7 33.Re1 Bg5 34.Nd4 Bh6 35.g4 b5 36.Qe7 Rf4
37.Kg3 g5 38.Qd7 Qc4 39.Qxb5 Rxd4 40.Qf5+ g6 41.Re7+ Bg7 42.Rxg7+ Kxg7 43.Qe5+ Kh7
44.Qxd4 Qc7+ 45.Kh3 Qb7 46.c4 a4 47.Kh2 Qb4 48.Kg2 a3 49.bxa3 Qxa3 50.c5 Qa8+
51.Kg1 Qc8 52.Qc4 Qc6 53.Kf1 Kh6 54.Qd4 Kh7 55.Qc4 Kh6 56.Ke2 Qe8+ 57.Kd3 Qc6
58.Kc2 Kh7 59.Kc3 Kh6 60.Kb4 Qb7+ 61.Qb5 Qe7 62.Ka4 Qa7+ 63.Kb3 Qf7+ 64.Qc4 Qb7+
65.Kc2 Qc6 66.Qd4 Kh7 67.Qd6 Qe4+ 68.Kc3 Qf3+ 69.Kb4 Qxg4+ 70.Ka5 Qf5 71.Qd4 Qe6
72.Kb5 Qb3+ 73.Kc6 Qb8 74.Kd7 Qb7+ 75.Kd8 Qb8+ 76.Ke7 Qc7+ 77.Qd7 Qf4 78.c6 Kh6
79.Qh3+ Kg7 80.Qc3+ Kg8 81.c7 Qf8+ 82.Kd7 Qf5+ 83.Kd6 Qf4+ 84.Qe5 Qb4+ 85.Kd7 Qa4+
86.Kd8 Qd1+ 87.Ke7  1-0

[Event "52nd World Juniors 2013"]
[Site "Kocaeli TUR"]
[Date "2013.09.24"]
[Round "11.56"]
[White "Kilic,Efe Mert"]
[Black "Uraz,Abdullah Kerim"]
[Result "1-0"]
[WhiteElo "1843"]
[BlackElo "1602"]

1.e4 c5 2.Nf3 d6 3.Bb5+ Bd7 4.a4 g6 5.O-O Bg7 6.Re1 e5 7.c3 Nc6 8.Bxc6 Bxc6
9.d4 Ne7 10.b3 b6 11.Na3 O-O 12.Nc4 Qc7 13.Ba3 a5 14.dxc5 dxc5 15.Qd6 Qxd6
16.Nxd6 Rfd8 17.Nc4 Rab8 18.Ncxe5 f6 19.Nxc6 Nxc6 20.Bb2 f5 21.exf5 gxf5
22.Rad1 Nb4 23.cxb4 Bxb2 24.b5 Bc3 25.Rf1 Re8 26.Nd2 Red8 27.Nc4 Rd4 28.g3 Rbd8
29.Rxd4 Rxd4 30.Nxb6 Rb4 31.Nd5 Rxb3 32.Nxc3 Rxc3 33.Rb1 Rd3 34.b6 Rd8 35.Rc1  1-0

[Event "46th TCh-BUL w 2013"]
[Site "Sunny Beach BUL"]
[Date "2013.09.24"]
[Round "6.2"]
[White "Genova,Ly"]
[Black "Bednikova,S"]
[Result "1/2-1/2"]
[WhiteElo "2269"]
[BlackElo "2043"]

1.e4 c5 2.Nf3 d6 3.Bb5+ Bd7 4.Bxd7+ Qxd7 5.c4 Nf6 6.Nc3 Nc6 7.O-O Rc8 8.d4 cxd4
9.Nxd4 g6 10.f3 Bg7 11.Be3 O-O 12.b3 b6 13.Rc1 Rfd8 14.Qd2 e6 15.Rfd1 Nxd4
16.Bxd4 Qb7 17.Qf2 Rd7 18.Rc2 Rcd8 19.Rcd2 Ne8 20.Bxg7 Nxg7 21.Rd3 Qc6 22.Kh1 a6
23.a4 Ne8 24.Qd2 Qc5 25.f4 Nf6 26.h3 h5 27.Qe1 Qc6 28.f5 exf5 29.exf5 d5
30.fxg6 dxc4 31.gxf7+ Kxf7 32.Rxd7+ Rxd7 33.Rxd7+ Qxd7  1/2-1/2

[Event "63rd TCh-BUL GpA 2013"]
[Site "Sunny Beach BUL"]
[Date "2013.09.24"]
[Round "6.3"]
[White "Petrov,Marij"]
[Black "Georgiev,Kr"]
[Result "1/2-1/2"]
[WhiteElo "2472"]
[BlackElo "2448"]

1.e4 c5 2.Nf3 d6 3.Bb5+ Bd7 4.Bxd7+ Qxd7 5.O-O Nc6 6.Re1 Nf6 7.c3 e6 8.d4 cxd4
9.cxd4 d5 10.e5 Ne4 11.Nbd2 Nxd2 12.Bxd2 Be7 13.Rc1 O-O 14.Rc2 Rfc8 15.Qb1 h6
16.Rec1 Nb4 17.Rxc8+ Rxc8 18.a3 Rxc1+ 19.Qxc1 Nc6 20.Qc3 a6 21.Kf1 Nd8 22.Ke1 Qc6
23.Qxc6 Nxc6 24.Bc3 f5 25.g3 Kf7 26.Ke2 Bd8 27.Kd3 Bb6 28.h4 Ba7 29.b4 b5
30.Bb2 Bb6  1/2-1/2

[Event "Baku Open 2013"]
[Site "Baku AZE"]
[Date "2013.09.25"]
[Round "7.27"]
[White "Abdulla,K"]
[Black "Mammadzada,G"]
[Result "1-0"]
[WhiteElo "2249"]
[BlackElo "2104"]

1.e4 c5 2.Nf3 d6 3.Bb5+ Bd7 4.Bxd7+ Qxd7 5.c4 Nf6 6.Nc3 g6 7.d4 cxd4 8.Nxd4 Bg7
9.f3 O-O 10.O-O Rc8 11.b3 d5 12.e5 Ne8 13.Nxd5 Bxe5 14.Ba3 e6 15.Ne7+ Kh8
16.Nxc8 Bxd4+ 17.Kh1 Nc6 18.Ne7 Rd8 19.Nxc6 bxc6 20.Rb1 Qc7 21.Qe2 Nd6 22.Bb2 Nf5
23.f4 Kg8 24.b4 Bxb2 25.Rxb2 Rd4 26.Qe5 Qd7 27.c5 h5 28.b5 cxb5 29.Qb8+ Kh7
30.Qxb5 Rd1 31.Qe2 Rd5 32.Rc1 Nd4 33.Qf2 Nc6 34.Qe1 Rd4 35.Qf1 Qc7 36.Rf2 Nb4
37.a3 Nc6 38.Rd1 Qd7 39.Rxd4 Qxd4 40.Rc2 h4 41.Rc4 Qf6 42.h3 Kg7 43.Qf3 Qa1+
44.Kh2 Qa2 45.Ra4 Ne7 46.Qc3+  1-0

[Event "US Chess League 2013"]
[Site "chess.com INT"]
[Date "2013.09.25"]
[Round "5"]
[White "Khachiyan,M"]
[Black "Molner,M"]
[Result "1/2-1/2"]
[WhiteElo "2508"]
[BlackElo "2506"]

1.e4 c5 2.Nf3 d6 3.Bb5+ Nd7 4.d4 cxd4 5.Qxd4 a6 6.Bxd7+ Bxd7 7.Bg5 f6 8.Be3 e6
9.Nc3 Ne7 10.O-O-O Nc6 11.Qb6 Qxb6 12.Bxb6 Rc8 13.Nd2 g5 14.g3 Ne5 15.f4 gxf4
16.gxf4 Nc4 17.Nxc4 Rxc4 18.Rhg1 Kf7  1/2-1/2

[Event "31st World Junior Girls"]
[Site "Kocaeli TUR"]
[Date "2013.09.25"]
[Round "12.35"]
[White "Shyngys Kyzy,A"]
[Black "Alev,G"]
[Result "1-0"]
[WhiteElo "1780"]
[BlackElo "1632"]

1.e4 c5 2.Nf3 d6 3.Bb5+ Bd7 4.Bxd7+ Qxd7 5.O-O Nc6 6.c3 Nf6 7.Qe2 e6 8.d4 cxd4
9.cxd4 Be7 10.Nc3 O-O 11.Bg5 a6 12.Rfe1 Rac8 13.d5 Ne5 14.Nd4 h6 15.Bh4 Ng6
16.dxe6 fxe6 17.Bg3 Rc4 18.Nb3 Qc7 19.f4 e5 20.f5 Nh8 21.Rac1 Nf7 22.Bf2 Qc8
23.a4 Ng5 24.Qd3 Rd4  1-0

[Event "Baku Open 2013"]
[Site "Baku AZE"]
[Date "2013.09.26"]
[Round "8.1"]
[White "Zhigalko,S"]
[Black "Smirnov,P"]
[Result "1/2-1/2"]
[WhiteElo "2664"]
[BlackElo "2627"]

1.e4 c5 2.Nf3 d6 3.Bb5+ Nd7 4.O-O a6 5.Bd3 e6 6.c3 Qc7 7.Bc2 c4 8.b3 b5 9.a4 Bb7
10.axb5 axb5 11.Rxa8+ Bxa8 12.Qe2  1/2-1/2

[Event "Werder Bremen GM 2013"]
[Site "Bremen GER"]
[Date "2013.09.27"]
[Round "7.4"]
[White "Joachim,S"]
[Black "Asendorf,J"]
[Result "1/2-1/2"]
[WhiteElo "2422"]
[BlackElo "2357"]

1.e4 c5 2.Nf3 d6 3.Bb5+ Bd7 4.Bxd7+ Qxd7 5.c4 Nf6 6.Nc3 g6 7.d4 cxd4 8.Nxd4 Bg7
9.h3 O-O 10.O-O Rc8 11.b3 d5 12.exd5 Nxd5 13.Nxd5 e6 14.Bh6 exd5 15.Bxg7 Kxg7
16.cxd5 Qxd5 17.Nf3 Qf5 18.Qd4+ Qf6 19.Rad1 Na6 20.Ng5 Qxd4 21.Rxd4 Rc7 22.Rfd1 Re8
23.Kf1  1/2-1/2

[Event "Grand Open Blagoevgrad 2013"]
[Site "Blagoevgrad BUL"]
[Date "2013.09.28"]
[Round "1.27"]
[White "Dermatopoulos,Konstantinos"]
[Black "Mourelatos,I"]
[Result "0-1"]
[WhiteElo "1664"]
[BlackElo "2154"]

1.e4 d6 2.Nf3 c5 3.Bb5+ Nc6 4.O-O Bd7 5.Re1 a6 6.Bxc6 Bxc6 7.d3 g6 8.c3 Bg7
9.Nbd2 b5 10.e5 dxe5 11.Nxe5 Bb7 12.Ndf3 Nf6 13.Be3 Qc7 14.Bf4 Qd8 15.Qe2 O-O
16.Qd2 Qd5 17.Bh6 Rad8 18.Bxg7 Kxg7 19.Qe3 Qd6 20.d4 cxd4 21.Qxd4 Qc7 22.Qh4 Rd5
23.Re3 Rfd8 24.Rae1 Rd1 25.Qf4 e6 26.Ng5 R8d7 27.Re2 Qd6 28.Qe3 Qd5 29.f3 Rxe1+
30.Rxe1 Re7 31.Nh3 Qxa2 32.Re2 Qa5 33.Qc5 Qc7 34.Qd4 Bd5 35.Nf4 Qa7 36.Kf2 Qxd4+
37.cxd4 Rc7 38.Rd2 Bc4  0-1

[Event "12th Forchheim Open A 2013"]
[Site "Forchheim GER"]
[Date "2013.09.28"]
[Round "2.1"]
[White "Maier,Al"]
[Black "Heinemann,T"]
[Result "0-1"]
[WhiteElo "2311"]
[BlackElo "2461"]

1.e4 c5 2.Nf3 d6 3.Bb5+ Nd7 4.d4 Nf6 5.O-O a6 6.Bxd7+ Nxd7 7.Nc3 e6 8.Bg5 Qc7
9.Bh4 cxd4 10.Nxd4 Ne5 11.Qe2 Ng6 12.Bg3 Be7 13.Rad1 O-O 14.Qh5 b5 15.a3 Rb8
16.Rd3 Ne5 17.Bxe5 dxe5 18.Nb3 Bb7 19.Rfd1 Rbd8 20.Rxd8 Rxd8 21.Qe2 Rc8 22.Rd3 Bc6
23.Na2 Qb6 24.Nb4 Be8 25.c3 a5 26.Nc2 g6 27.Nd2 Kg7 28.Ne3 h5 29.h3 Bc6 30.Nef1 Qa7
31.Nh2 b4 32.axb4 axb4 33.c4 Qa1+ 34.Ndf1 Qa2 35.Rd2 Bg5 36.Rd6 Be8 37.c5 Rxc5
38.Nf3 Bb5 39.Qe1 Rc1 40.Rd1 Qb1 41.Rxc1 Qxc1 42.b3 Bd3 43.h4 Bh6 44.Ng3 Bc2
45.Qxc1 Bxc1 46.Nxe5 Bxb3 47.Ne2 Ba3 48.Nd4 Ba2 49.Nb5 Bc1 50.Nc6 b3  0-1

[Event "ch-GER Rapid 2013"]
[Site "Gladenbach GER"]
[Date "2013.09.28"]
[Round "5.1"]
[White "Glek,I"]
[Black "Zelbel,P"]
[Result "1-0"]
[WhiteElo "2460"]
[BlackElo "2393"]

1.e4 c5 2.Nf3 d6 3.Bb5+ Nd7 4.O-O Nf6 5.Re1 a6 6.Bf1 g6 7.c3 Ne5 8.d4 Nxf3+
9.Qxf3 Bg4 10.Qg3 Be6 11.d5 Bc8 12.c4 Bg7 13.Nc3 Ng4 14.h3 Be5 15.Bf4 Bxf4
16.Qxf4 Ne5 17.Qh6 Qb6 18.Qg7 Rf8 19.f4 Qxb2 20.Rac1 Bxh3 21.fxe5 O-O-O 22.gxh3 Rg8
23.Qh6 g5 24.Qh5 dxe5 25.Qe2 Qb6 26.Qf2 g4 27.Qf5+ e6 28.Qxf7 gxh3+ 29.Kh1  1-0

[Event "Caissa IM September 2013"]
[Site "Kecskemet HUN"]
[Date "2013.09.28"]
[Round "8.5"]
[White "Farkas,Ti"]
[Black "Keresztes,R"]
[Result "1/2-1/2"]
[WhiteElo "2255"]
[BlackElo "2237"]

1.e4 c5 2.Nf3 d6 3.Bb5+ Bd7 4.Qe2 Bxb5 5.Qxb5+ Qd7 6.Qxd7+ Nxd7 7.O-O Ngf6
8.Re1 e6 9.b3 Be7 10.Bb2 O-O 11.d3 Rfd8 12.Nbd2 Rac8 13.a4 h6 14.h3 b6 15.e5  1/2-1/2

[Event "UKR-POL Academic Teams"]
[Site "Lviv UKR"]
[Date "2013.09.28"]
[Round "5"]
[White "Onokienko,Olexandra"]
[Black "Chlost,M"]
[Result "0-1"]
[WhiteElo "1874"]
[BlackElo "2173"]

1.e4 c5 2.Nf3 d6 3.Bb5+ Nd7 4.d4 cxd4 5.Qxd4 e5 6.Qd1 Nf6 7.Nc3 h6 8.O-O Be7
9.Re1 O-O 10.Bxd7 Bxd7 11.a4 Be6 12.Qe2 Qc7 13.Nd2 Nd7 14.Nf1 Rfc8 15.Ne3 Nf6
16.Qf3 Qd7 17.h3 Rc5 18.Rd1 Rac8 19.Bd2 b6 20.Be1 g6 21.Rd2 Kg7 22.Rad1 Rxc3
23.bxc3 Qxa4 24.c4 Bxc4 25.Nxc4 Rxc4 26.c3 Nxe4 27.Rd3 Qc6 28.g3 a5 29.h4 h5
30.Qe3 Qc5 31.Qxc5 Rxc5 32.f3 Nf6 33.Bf2 Rc6 34.Rb1 Bd8 35.Kg2 d5 36.Be3 Bc7
37.Rb5 e4 38.fxe4 dxe4 39.Rd1 Rxc3 40.Bxb6 Rxg3+ 41.Kf2 Ng4+ 42.Ke2 Bxb6
43.Rxb6 Rg2+ 44.Ke1 Rg1+ 45.Ke2 Rxd1 46.Kxd1 Nh2  0-1

[Event "UKR-POL Academic Teams"]
[Site "Lviv UKR"]
[Date "2013.09.28"]
[Round "5"]
[White "Goganov,Ivan"]
[Black "Siwiec,A"]
[Result "0-1"]
[WhiteElo "1990"]
[BlackElo "2181"]

1.e4 c5 2.Nf3 d6 3.Bb5+ Bd7 4.Bxd7+ Nxd7 5.c3 Ngf6 6.Qe2 e6 7.d4 Be7 8.Bg5 O-O
9.Nbd2 cxd4 10.cxd4 d5 11.e5 Ne4 12.Bxe7 Qxe7 13.O-O Nxd2 14.Nxd2 Qb4 15.Qd3 Rfc8
16.Nb3 Rc7 17.f4 g6 18.g4 Rac8 19.Rf2 Qe7 20.Raf1 b6 21.Qd2 a5 22.Kh1 Qh4
23.Rg1 a4 24.Nc1 Rxc1  0-1

[Event "St Petersburg Rapid Cup w 2013"]
[Site "St Petersburg RUS"]
[Date "2013.09.28"]
[Round "4.3"]
[White "Belenkaya,D"]
[Black "Bodnaruk,A"]
[Result "0-1"]
[WhiteElo "2204"]
[BlackElo "2462"]

1.e4 c5 2.Nf3 d6 3.Bb5+ Bd7 4.Bxd7+ Qxd7 5.d4 cxd4 6.Nxd4 Nf6 7.Nc3 g6 8.O-O Bg7
9.Be3 O-O 10.f3 Nc6 11.Qd2 Ne5 12.Qe2 Rac8 13.Rfd1 Nc4 14.Rab1 Nxe3 15.Qxe3 a6
16.a4 Qc7 17.Nd5 Nxd5 18.exd5 Bxd4 19.Qxd4 Qxc2 20.Re1 Qc5 21.Qxc5 Rxc5 22.Rxe7 b5
23.a5 b4 24.Ra1 Rc2 25.Ra7 Rxb2 26.Rxa6 Re8 27.Kh1 Ree2 28.Rg1 Ra2 29.Ra8+ Kg7
30.a6 b3 31.Rb8 b2 32.Rb6 Rc2 33.h3 Rc1 34.Kh2 Rxg1  0-1

[Event "St Petersburg Rapid Cup w 2013"]
[Site "St Petersburg RUS"]
[Date "2013.09.28"]
[Round "4.2"]
[White "Belenkaya,D"]
[Black "Bodnaruk,A"]
[Result "1-0"]
[WhiteElo "2204"]
[BlackElo "2462"]

1.e4 c5 2.Nf3 d6 3.Bb5+ Bd7 4.Bxd7+ Qxd7 5.O-O Nf6 6.Re1 Nc6 7.c3 e6 8.d4 cxd4
9.cxd4 d5 10.e5 Ne4 11.Re2 Be7 12.Ne1 f5 13.exf6 Bxf6 14.Nf3 O-O 15.Nc3 Nd6
16.Bg5 Nf5 17.Bxf6 gxf6 18.Qd2 Rae8 19.Rae1 Kh8 20.Kh1 Nd6 21.Qh6 Nd8 22.Qh3 Qf7
23.Qg3 Nf5 24.Qf4 Qd7 25.Nd1 Qd6 26.Qg4 Rg8 27.Qh3 Qf4 28.Rd2 Rg6 29.Ne3 Nxe3
30.fxe3 Qe4 31.Rf2 Qg4 32.Qxg4 Rxg4 33.h3 Rg7 34.e4 Rd7 35.e5 f5 36.Rc1 Nc6
37.Rfc2 Kg7 38.a3 Kf7 39.b4 a6 40.Kh2 Rg8 41.Kg1 Ke7 42.Kf2 Rdd8 43.Ke3 Rg3
44.Kf2 Rdg8 45.Kf1 Rd8 46.Kf2 Rdg8 47.Kf1 Rd8 48.Rc5 Rdg8 49.R1c2 Rd8 50.b5 axb5
51.Rxb5 Rd7 52.Rcb2 Nd8 53.Kf2 Rg7 54.Ne1 Rc7 55.Nd3 Rc4 56.Nc5 Ke8 57.Ra5 Rxd4
58.Ra8 Rd7 59.Nxe6 Re4 60.Nc5 Rxe5 61.Nxd7 Kxd7 62.Ra5 Kd6 63.Rb6+ Nc6 64.Rab5 Re4
65.Rxb7 Rf4+ 66.Kg3 Ra4 67.Rxh7 Rxa3+ 68.Kf4 Ra4+ 69.Kg5 Nd4 70.Rb8 Ne6+
71.Kf6 Nf4 72.Rd8+ Kc5 73.g3 Ne2 74.Rhd7 Rd4 75.Rc8+ Kb6 76.Rd6+ Kb7 77.Rc2 Nxg3
78.Ke5 Rb4 79.Rxd5 f4 80.Rd4 Rb5+ 81.Kxf4 Nh5+ 82.Kf3 Nf6 83.h4 Nh5 84.Rd7+ Kb6
85.Rd6+ Kb7 86.Kg4 Re5 87.Rh6 Ng7 88.Rh7 Re7 89.h5 Kb6 90.h6 Re4+ 91.Kf3  1-0

[Event "ch-GER Rapid 2013"]
[Site "Gladenbach GER"]
[Date "2013.09.29"]
[Round "7.1"]
[White "Glek,I"]
[Black "Kraemer,Mart"]
[Result "0-1"]
[WhiteElo "2460"]
[BlackElo "2542"]

1.e4 c5 2.Nf3 d6 3.Bb5+ Nd7 4.O-O a6 5.Bd3 Ngf6 6.Re1 e5 7.c3 Be7 8.Bc2 b5
9.d4 O-O 10.Nbd2 Bb7 11.Nf1 Re8 12.Ng3 Bf8 13.Nf5 exd4 14.Bg5 h6 15.Bh4 dxc3
16.bxc3 Qb6 17.Nd2 g6 18.Ne3 Bg7 19.Rb1 Qc7 20.c4 b4 21.f3 Ne5 22.Ba4 Bc6
23.Bxf6 Bxf6 24.Nd5 Bxd5 25.Bxe8 Bxc4 26.f4 Bxa2 27.fxe5 Bxe5 28.Ba4 Bxb1
29.Qxb1 Bc3 30.Rd1 c4 31.Nf3 b3 32.Kh1 Bg7 33.Nd2 Rb8 34.Qc1 b2 35.Qb1 c3
36.Nf1 Qc5 37.Bc2 Be5 38.Rd3 Qf2 39.Ne3 Bf4 40.Nd5 Qxc2 41.Nxc3 Qxb1+ 42.Nxb1 Rc8
43.Rc3 Re8 44.Rb3 Rxe4  0-1

[Event "Oslo Int Open 2013"]
[Site "Oslo NOR"]
[Date "2013.09.29"]
[Round "1"]
[White "Trent,L"]
[Black "Vea,O"]
[Result "1-0"]
[WhiteElo "2440"]
[BlackElo "2226"]

1.e4 c5 2.Nf3 d6 3.Bb5+ Nd7 4.d4 Nf6 5.e5 dxe5 6.dxe5 Qa5+ 7.Nc3 Ne4 8.e6 fxe6
9.Ne5 Nd6 10.Bxd7+ Bxd7 11.Nxd7 Kxd7 12.O-O Rd8 13.Re1 c4 14.Bf4 g5 15.Be5 Rg8
16.Qg4 Rg6 17.Rad1 Kc8 18.Bxd6 exd6 19.Rxe6 Rxe6 20.Qxe6+ Kb8 21.Qxc4 Qe5
22.Rd5 Qe1+ 23.Qf1 Re8 24.Rd1 Qe6 25.g3 Bg7 26.Qd3 Be5 27.Nb5 Qxa2 28.Qxh7 Qc4
29.Qd7 Qc6 30.Qxc6 bxc6 31.Nd4 Kc7 32.b3 Bf6 33.Kf1 a5 34.Nf5 d5 35.Re1 Ra8
36.Re6 Bc3 37.Re3 d4 38.Re7+ Kb6 39.Nd6 a4 40.bxa4 Rxa4 41.Ke2 Ra1 42.Kd3 Rh1
43.Kc4 c5 44.Ne4 Rxh2 45.Re6+ Kc7 46.Kxc5 Bb2 47.Re7+ Kd8 48.Rb7 Ba1 49.Rb1 Bc3
50.Nxc3 dxc3 51.Rf1 Ke7 52.Kd4 Kf6 53.Kxc3 Kf5 54.Kd4 Kg4 55.Ke3 Rh8 56.f3+ Kf5
57.c4  1-0

[Event "Oslo Int Open 2013"]
[Site "Oslo NOR"]
[Date "2013.09.29"]
[Round "2"]
[White "Schmitz,Th"]
[Black "Royset,P"]
[Result "0-1"]
[WhiteElo "2322"]
[BlackElo "2179"]

1.e4 c5 2.Nf3 d6 3.Bb5+ Nd7 4.O-O a6 5.Bxd7+ Bxd7 6.d4 cxd4 7.Qxd4 e5 8.Qd3 Rc8
9.c4 b5 10.Na3 Qb6 11.Bg5 h6 12.Bh4 g5 13.Bg3 Nf6 14.Rfe1 Be7 15.Rad1 O-O
16.Nd2 h5 17.h4 gxh4 18.Bxh4 Ng4 19.Bxe7 Qxf2+ 20.Kh1 Qxe1+ 21.Rxe1 Nf2+
22.Kh2 Nxd3 23.Re3 Rfe8 24.Bxd6 Nxb2 25.c5 f6 26.Nc2 a5 27.Rf3 Bg4 28.Rxf6 Re6
29.Rxe6 Bxe6 30.a3 Nd3 31.Nf3 Nxc5 32.Bxe5 Nxe4 33.Ncd4 Bd7 34.Bf4 Rc4 35.Nb3 a4
36.Nc1 Rc3 37.Ne5 Be8 38.Ne2 Rxa3 39.Nd4 Rc3 40.Nf5 a3 41.Ne7+ Kh7 42.Nf3 a2  0-1

[Event "Oslo Int Open 2013"]
[Site "Oslo NOR"]
[Date "2013.09.29"]
[Round "6"]
[White "Raghavi,N"]
[Black "Solodovnichenko,Y"]
[Result "0-1"]
[WhiteElo "2174"]
[BlackElo "2577"]

1.e4 c5 2.Nf3 d6 3.Bb5+ Nd7 4.d4 Nf6 5.O-O a6 6.Bxd7+ Nxd7 7.Nc3 e6 8.d5 Nf6
9.dxe6 Bxe6 10.Bg5 h6 11.Bxf6 Qxf6 12.Nd5 Bxd5 13.Qxd5 O-O-O 14.Nd2 Qe6 15.Nc4 Kc7
16.Rfd1 Be7 17.Na5 Qxd5 18.Rxd5 Bf6 19.c3 Rhe8 20.f3 b5 21.Rad1 c4 22.a4 Re5
23.R5d2 Re6 24.Rc2 Kb6 25.b4 d5 26.axb5 axb5 27.Kf2 dxe4 28.Rxd8 e3+ 29.Ke2 Bxd8
30.Rc1 Bf6 31.Rd1 Bxc3 32.Rd7 Bxb4 33.Nb7 Re7  0-1